000 00340nam a2200109Ia 4500
008 230724s1991 xx und d
041 _aeng
100 _aKULKARNI.S.B,INAMDAR.G.V,AGNIHOTRI.A.D.,GAJENDRAGADKAR.S.K.
245 _aELEMENTS OF CIVIL ENGINEERING
260 _bASSOCIATION OF OFFICIAL ANALYTICAL CHEMISTS
_c1991
300 _a108
999 _c1178015
_d1178015